|
|
|
|
| LEADER |
00000nab a2200000 a 4500 |
| 001 |
vtls008426057 |
| 003 |
SK-MaSNL |
| 005 |
20260304144343.0 |
| 008 |
250505c2005 xo mr|p|||||||000 b|slo |
| 015 |
|
|
|a SNBRB2006/01
|2 snkbucl
|
| 035 |
|
|
|a (uuid)0a646e3d-df73-4dc9-bbe1-290d8bd2e8ae
|
| 035 |
|
|
|a urn:nbn:sk:snk-abbzjv
|
| 035 |
|
|
|a (urnnbn)urn:nbn:sk:snk:ar-003t5i
|
| 038 |
|
|
|a SNKBUCL
|
| 040 |
|
|
|a SNKBUCL
|b slo
|c SNKBUCL
|e AACR2
|
| 041 |
0 |
|
|a slo
|
| 044 |
|
|
|a xo
|c SK
|
| 080 |
|
|
|a 82.033:821.112.2-32
|2 1997
|
| 080 |
|
|
|a 821.112.2-32.033
|2 1997
|
| 100 |
1 |
|
|a Geisbacherová, Michaela
|4 aut
|9 1033660
|
| 245 |
1 |
0 |
|a Patrick Süskind a jeho novely
|c Michaela Geisbacherová
|
| 600 |
1 |
7 |
|a Süskind, Patrick,
|d 1949-
|t Kontrabas
|2 snkbucl
|9 1226113
|
| 600 |
1 |
7 |
|a Süskind, Patrick,
|d 1949-
|t Holub
|2 snkbucl
|9 82728
|
| 600 |
1 |
7 |
|a Süskind, Patrick,
|d 1949-
|t Pán Sommer
|2 snkbucl
|9 82729
|
| 655 |
|
7 |
|a interpretácie
|2 snkbucl
|9 424030
|
| 773 |
0 |
|
|t Dotyky
|g Roč. XVII, č. 1 (2005), s. 78-82
|x 1210-2210
|
| 850 |
|
|
|a Slovenská národná knižnica
|
| 852 |
|
|
|a Slovenská národná knižnica
|
| 958 |
|
|
|a article15
|
| 958 |
|
|
|a OND
|
| 958 |
|
|
|a LX
|
| 958 |
|
|
|a DE
|
| 958 |
|
|
|a EUIPO
|
| 999 |
|
|
|c 2930839
|d 2932769
|